Normal view
MARC view
Entry Personal Name
001 - CONTROL NUMBER
- control field: 1237102
003 - CONTROL NUMBER IDENTIFIER
- control field: OSt
005 - DATE AND TIME OF LATEST TRANSACTION
- control field: 20260430150315.0
008 - FIXED-LENGTH DATA ELEMENTS
- fixed length control field: 260430|| aca||aabn | a|a d
040 ## - CATALOGING SOURCE
- Original cataloging agency: OSt
- Transcribing agency: OSt
100 ## - HEADING--PERSONAL NAME
- Personal name: Chawla Deepa nee Deepa Gupta Au.; Pillai Punya Gu.; Chaudhary Nandita Gu
670 ## - SOURCE DATA FOUND
- Source citation: Work cat.: (OSt)1849470: Chawla Deepa nee Deepa Gupta Au.; Pillai Punya Gu.; Chaudhary Nandita Gu., Voung Children’s Prosocial Behaviour in Multiple Caregiver Home Settings, 2023
